| 000 | 02101nam a2200337 i 4500 | ||
|---|---|---|---|
| 003 | DO-SdBPM | ||
| 005 | 20251016143201.0 | ||
| 007 | ta | ||
| 008 | 250520b2024 dr ||| 00| 0 spa d | ||
| 020 | _a9789945510850 | ||
| 040 |
_aDO-SdBPM _bspa _cBPMSU _erda _d |
||
| 082 | 4 |
_a RD863.08 _bT856n 2024 _222 |
|
| 245 | 0 | 0 |
_aTrópico nevado : _bcuentistas dominicanos en Estados Unidos / _cselección y prólogo José Acosta ; corrección María del Carmen Vicente |
| 250 | _aPrimera edición | ||
| 264 | 4 |
_aSanto Domingo : _bMinisterio de Cultura; _bEditora Nacional, _c©2024. |
|
| 300 |
_a236 páginas ; _c23 cm. |
||
| 336 |
_atexto _btxt _2rdacontent |
||
| 337 |
_asin mediación _bn _2rdamedia |
||
| 338 |
_avolumen _bnc _2rdacarrier |
||
| 505 | 0 | _aPresentación 9 -- Prólogo 13 -- El jaguar 19 -- Juego de muñecas 23 -- Invis paradise 25 -- Siempre odie los gatos 37 -- El otro amigo 41 -- El árabe 47 -- El deportado 53 -- La pesadilla de Porfirio Mota 61 -- El retorno de Franz 81 -- Desarme infantil 87 -- Mongo no muere, aunque se ahogue el río 93 -- Nova Terra 99 -- El muchacho que se ahogaba en el yaque -- José Minaya Peña 103 -- Serás para mí 109 -- Como traídas por la lluvia 123 -- Una mujer sin sombrero 129 -- Ante todo umbral 133 -- Terapia 137 -- Falsas ilusiones 149 -- El clamor de la sangre 155 -- Seis pulgadas de nieve 163 -- Cosas que no se olvidan 175 -- Las campanas duermen a las diez de la noche 179 -- Parábola de un transfuga 191 -- Un funeral digno 195 -- Un hombre bueno 207 -- Tiempos difíciles 211 -- Datos biográficos de los autores 223 | |
| 590 | _aInventariado, 2025/VM | ||
| 650 | 7 |
_aLiteratura dominicana _xHistoria y crítica |
|
| 650 | 7 |
_aCuentos dominicanos _vColecciones |
|
| 650 | 7 | _aDiáspora dominicana en literatura | |
| 650 | 7 |
_aAutores dominicanos _vBiografías |
|
| 651 | 7 |
_aRepública dominicana _xEmigración e Inmigración _zEstados Unidos |
|
| 700 | 1 |
_aAcosta, José, _eprologuista _4pr. |
|
| 700 | 1 |
_aVicente, María del Carmen, _ecorrector _4corr. |
|
| 910 | _aVMateo V. Control de calidad. BPMSU | ||
| 942 |
_2ddc _cBK |
||
| 999 |
_c15457 _d15457 |
||